Architects on architects
This book lets you appreciate great wirk and great architects from contrasting perspectives.
Сохранить в:
| Формат: | |
|---|---|
| Язык: | Undetermined |
| Опубликовано: |
New York
McGraw-Hill
2002
|
| Предметы: | |
| Метки: |
Добавить метку
Нет меток, Требуется 1-ая метка записи!
|
| Thư viện lưu trữ: | Trung tâm Học liệu Trường Đại học Cần Thơ |
|---|
| LEADER | 00595nam a2200193Ia 4500 | ||
|---|---|---|---|
| 001 | CTU_166822 | ||
| 008 | 210402s9999 xx 000 0 und d | ||
| 020 | |c 39.95 | ||
| 082 | |a 720.922 | ||
| 082 | |b A673 | ||
| 245 | 0 | |a Architects on architects | |
| 245 | 0 | |c Susan Gray, editor ; foreword by Paul Goldberger | |
| 260 | |a New York | ||
| 260 | |b McGraw-Hill | ||
| 260 | |c 2002 | ||
| 520 | |a This book lets you appreciate great wirk and great architects from contrasting perspectives. | ||
| 650 | |a Architecture. | ||
| 904 | |i Lan Anh | ||
| 980 | |a Trung tâm Học liệu Trường Đại học Cần Thơ | ||